00405nam a2200157Ia 45000010006000000050017000060080041000230410008000640820015000721000040000872450067001272600009001943000028002036500008002316540008002392122620260306172904.0260306t2014||||xx |||||||||||||| ||spa|| aESP a344.2bV67 aVillegas Paiva, Elky AlexandereAUT 0aLos delitos culposos y el dolo eventual:ben la jurisprudencia c2014 a209 páginas :c24 cm. aGEN aCDE